Bài tập thủy khí động lực học ứng dụng

Sách giới thiệu chung về thuỷ khí động lực ứng dung; Các loại trở lực của các loại đường ống, các thiết bị trên đường ống phục vụ công tác thiết kế trong dân dụng, công nghiệp và phục vụ cho tính toán thiết kế máy năng lượng bao gồm...

Szczegółowa specyfikacja

Zapisane w:
Opis bibliograficzny
1. autor: Hoàng, Bá Chư
Format: Książka
Język:Undetermined
Wydane: Hà Nội Khoa học và kỹ thuật 2005
Hasła przedmiotowe:
Etykiety: Dodaj etykietę
Nie ma etykietki, Dołącz pierwszą etykiete!
Thư viện lưu trữ: Trung tâm Học liệu Trường Đại học Cần Thơ
LEADER 01023nam a2200205Ia 4500
001 CTU_95571
008 210402s9999 xx 000 0 und d
020 |c 39000 
082 |a 620.1064 
082 |b Ch550bt 
100 |a Hoàng, Bá Chư 
245 0 |a Bài tập thủy khí động lực học ứng dụng 
245 0 |c Hoàng Bá Chư, Trương Ngọc Tuấn 
260 |a Hà Nội 
260 |b Khoa học và kỹ thuật 
260 |c 2005 
520 |a Sách giới thiệu chung về thuỷ khí động lực ứng dung; Các loại trở lực của các loại đường ống, các thiết bị trên đường ống phục vụ công tác thiết kế trong dân dụng, công nghiệp và phục vụ cho tính toán thiết kế máy năng lượng bao gồm bơm, quạt, máy nén, tuabin hơi.. 
650 |a Hydrodynamics 
904 |i M.Loan,Hải 
980 |a Trung tâm Học liệu Trường Đại học Cần Thơ